000 00391nam a2200145Ia 4500
008 230917s9999||||xx |||||||||||||| ||und||
040 _e66558
_aMAIN
041 _aEnglish
082 _a294.1 D271P
100 _aDavane, G V
245 0 _aPerspectives in the vedic and the classical sanskrit heritage
260 _aNew Delhi
_bD K Print World
_c1995
300 _axvii, 375 p.
942 _cBK
999 _c66239
_d66239